000 00229nam a22000857a 4500
008 160630b xxu||||| |||| 00| 0 eng d
100 _91575
_a Aggarwal, M.L
245 _aMathematics - XII
260 _aNew Delhi
_bArya Publication
_c2004
999 _c1304
_d1304